|
|
|
|
| LEADER |
01358nam a2200301 a 4500 |
| 001 |
3562076 |
| 008 |
091105s1998 dcua bs i000 0 eng d |
| 010 |
|
|
|a \\\98039156
|
| 020 |
|
|
|a 0821342894
|
| 040 |
|
|
|a DLC
|c DLC
|d DLC
|
| 082 |
0 |
0 |
|a 338.1/77/0954
|2 21
|
| 100 |
1 |
|
|a Candler, Wilfred.
|
| 245 |
1 |
0 |
|a India :
|b the dairy revolution : the impact of dairy development in India and the World Bank's contribution /
|c Wilfred Candler, Nalini Kumar.
|
| 260 |
|
|
|a Washington, D.C. :
|b World Bank,
|c 1998.
|
| 300 |
|
|
|a xxii, 72 p. :
|b ill. ;
|c 28 cm.
|
| 490 |
0 |
|
|a OED study series
|
| 500 |
|
|
|a At head of title: World Bank Operations Evaluation Department, OED.
|
| 500 |
|
|
|a "ISSN 1019-4363"--Verso t.p.
|
| 504 |
|
|
|a Includes bibliographical references (p. 67-72).
|
| 541 |
1 |
|
|e 00007159
|
| 650 |
|
0 |
|a Dairy products industry
|x Government policy
|z India
|x Evaluation.
|
| 650 |
|
0 |
|a Agricultural development projects
|z India
|x Evaluation.
|
| 610 |
2 |
0 |
|a Operation Flood Project (India)
|x Evaluation.
|
| 610 |
2 |
0 |
|a National Dairy Development Board (India)
|
| 700 |
1 |
|
|a Kumar, Nalini,
|d 1958-
|
| 852 |
4 |
|
|a Ayesha Abed Library
|j General shelf
|
| 999 |
|
|
|c 5167
|d 5167
|
| 952 |
|
|
|0 0
|1 0
|2 ddc
|4 0
|6 338_177095400000000_CAN_1998
|7 0
|9 5020
|a BRACUL
|b BRACUL
|c GEN
|d 2009-11-07
|g 0.00
|l 0
|o 338.1770954 CAN
|p 3010007159
|r 2009-11-07
|t 1
|w 2009-11-07
|y BK
|x No price found in the accession register.
|